00361nam a2200133Ia 4500008004100000041000800041082001500049100002200064245005500086260004500141300001400186365001100200650001600211210719s1977 xx 000 0 und d aeng a631.7 PUTI aPUTTASWAMAIAH (K) aIrrigation projects in India towards a new policy. aBangalore.bNrusimha Publications,c1977 aix,96bHB b25cRs aAgriculture